|
|
|
|
| LEADER |
00000nab a2200000 a 4500 |
| 001 |
vtls010521334 |
| 003 |
SK-MaSNL |
| 005 |
20260318114340.0 |
| 008 |
130619|2012 xo m| | |00 0|hun |
| 038 |
|
|
|a KEVKJB
|
| 040 |
|
|
|a KEVKJB
|b slo
|c KEVKJB
|e AACR2
|
| 041 |
0 |
|
|a hun
|
| 044 |
|
|
|a xo
|c SK
|
| 080 |
|
|
|a 821.511.141´27:061.7
|2 2001
|
| 245 |
0 |
0 |
|a Ismét Kazinczy jegyében
|c Balassa Zoltán
|
| 300 |
|
|
|b Fotogr.
|
| 611 |
2 |
7 |
|a Kazinczyho dni
|n (44. :
|d 2012 :
|c Košice, Slovensko)
|2 kevkjb
|9 334345
|
| 651 |
|
7 |
|a Košice (Slovensko)
|2 kevkjb
|9 18694
|
| 773 |
0 |
|
|t Kassai Figyelő
|g Évf. X, sz. 12 (2012), o. 20-21
|
| 852 |
|
|
|a KEVKJB
|b KIS3GCP
|
| 958 |
|
|
|a HU
|
| 958 |
|
|
|a NM
|
| 999 |
|
|
|c 3362221
|d 3364151
|